|
|
|
|
| LEADER |
00000nam0a2200000 4500 |
| 001 |
117019 |
| 005 |
20231031123513.0 |
| 010 |
|
|
|a 571860021X
|
| 035 |
|
|
|a (RuTPU)RU\TPU\book\126635
|
| 090 |
|
|
|a 117019
|
| 100 |
|
|
|a 20070530d2004 m y0rusy50 ca
|
| 101 |
0 |
|
|a rus
|
| 102 |
|
|
|a RU
|
| 105 |
|
|
|a y j 001zy
|
| 200 |
1 |
|
|a Немецкий литературный экспрессионизм
|e учебное пособие по зарубежной литературе, первая четверть XX века
|f Н. В. Пестова
|g Уральский государственный педагогический университет; Институт иностранных языков УрГПУ
|
| 210 |
|
|
|a Екатеринбург
|c Уральский гос. педагогический ун-т
|d 2004
|
| 215 |
|
|
|a 336 с.
|
| 320 |
|
|
|a Библиография в конце глав.
|
| 330 |
|
|
|a Данное учебное пособие представляет собой часть вузовского программного курса по зарубежной литературе XX века. Пособие ориентировано также на программу послевузовского образования, соискателей и аспирантов по научным специальностям: зарубежная литература, теория литературы, сравнительно-историческое, сопоставительное и типологическое языкознание, теория перевода. Пособие может быть использовано как в курсе лекций по зарубежной литературе, так и в рамках спецсеминаров всего спектра филологических специальностей (интерпретация текста, введение в литературоведение, теория литературы, теория и практика перевода, курс русской и зарубежной литературы первой четверти XX века) вузовского и послевузовского обучения. Предназначено для преподавателей зарубежной литературы, аспирантов, студентов старших курсов факультетов иностранных языков и романо-германской филологии, а также русского языка и литературы филологических вузов.
|
| 610 |
1 |
|
|a немецкая литература
|
| 610 |
1 |
|
|a литературоведение
|
| 610 |
1 |
|
|a зарубежная литература
|
| 610 |
1 |
|
|a история
|
| 610 |
1 |
|
|a экспрессионизм
|
| 610 |
1 |
|
|a текст
|
| 610 |
1 |
|
|a поэзия
|
| 610 |
1 |
|
|a жанры
|
| 610 |
1 |
|
|a драма
|
| 610 |
1 |
|
|a проза
|
| 610 |
1 |
|
|a литературные течения
|
| 610 |
1 |
|
|a журналы
|
| 610 |
1 |
|
|a антология
|
| 610 |
1 |
|
|a персоналии
|
| 610 |
1 |
|
|a учебные пособия
|
| 675 |
|
|
|a 83(09)(075.8)
|v 3
|
| 675 |
|
|
|a 809(075.8)
|v 3
|
| 700 |
|
1 |
|a Пестова
|b Н. В.
|g Наталья Васильевна
|
| 712 |
0 |
2 |
|a Уральский государственный педагогический университет
|b Институт иностранных языков
|2 stltpush
|3 (RuTPU)RU\TPU\col\11115
|
| 801 |
|
1 |
|a RU
|b 63413507
|c 20070530
|g PSBO
|
| 801 |
|
2 |
|a RU
|b 63413507
|c 20121126
|g PSBO
|
| 942 |
|
|
|c BK
|